| 000 | 00778cam a22002771 4500 | ||
|---|---|---|---|
| 001 | 7970103 | ||
| 003 | ARRUPE | ||
| 005 | 20141002151028.0 | ||
| 008 | 741118s1962 nyu b 000 0 eng | ||
| 010 | _a 62007301 | ||
| 015 | _aGB62-10649 | ||
| 035 | _a(OCoLC)1078061 | ||
| 040 |
_aDLC _cOAU _dOCoLC _dOYU _dNBrockU _dUk _dDLC |
||
| 042 | _apremarc | ||
| 050 | 0 | 0 |
_aBL205 _b.S65 |
| 082 | _a231 | ||
| 100 | 1 |
_aSontag, Frederick. _911988 |
|
| 245 | 1 | 0 |
_aDivine perfection; _bpossible ideas of God. |
| 260 |
_aNew York, _bHarper _c[1962] |
||
| 300 |
_a158 p. _c21 cm. |
||
| 504 | _aIncludes bibliography. | ||
| 650 | 0 |
_aGod _xHistory of doctrines. _911989 |
|
| 650 | 0 |
_aPerfection. _911990 |
|
| 906 |
_a7 _bcbc _coclcrpl _du _encip _f19 _gy-gencatlg |
||
| 942 |
_2lcc _cMONOGRAPH |
||
| 999 |
_c121053 _d121053 |
||